ბათუმის შოთა რუსთაველის სახელმწიფო უნივერსიტეტის ბიბლიოთეკა

მინანქრის გოგონა ლომბარდში (ბიბ.ჩანაწერი № 42318)

000 -LEADER
fixed length control field 00854nam a2200229Ia 4500
001 - CONTROL NUMBER
control field 9013
003 - CONTROL NUMBER IDENTIFIER
control field GE_BSU
008 - FIXED-LENGTH DATA ELEMENTS--GENERAL INFORMATION
fixed length control field 181216s||||||||xx |||||||||||||| ||und||
040 ## - CATALOGING SOURCE
Transcribing agency GE_BSU
080 ## - UNIVERSAL DECIMAL CLASSIFICATION NUMBER
Universal Decimal Classification number 82-93:821.353.1-32
100 ## - MAIN ENTRY--PERSONAL NAME
Personal name კლდიაშვილი,სერგო
245 ## - TITLE STATEMENT
Title მინანქრის გოგონა ლომბარდში
245 ## - TITLE STATEMENT
Remainder of title მოთხრობები საშ.სასკ.ასაკის ბავშვ–ს
245 ## - TITLE STATEMENT
Statement of responsibility, etc. რედ.ნ.გოგოძე;მხატვ.დ.გრიგოლია
260 ## - PUBLICATION, DISTRIBUTION, ETC.
Place of publication, distribution, etc. თბილისი
260 ## - PUBLICATION, DISTRIBUTION, ETC.
Name of publisher, distributor, etc. ნაკადული
260 ## - PUBLICATION, DISTRIBUTION, ETC.
Date of publication, distribution, etc. 1979
300 ## - PHYSICAL DESCRIPTION
Extent 355გვ.20სმ.
653 ## - INDEX TERM--UNCONTROLLED
Uncontrolled term მინანქრის გოგონა ლომბარდში
653 ## - INDEX TERM--UNCONTROLLED
Uncontrolled term მოთხრობები
942 ## - ADDED ENTRY ELEMENTS (KOHA)
Koha item type წიგნი
ეგზემპლარები
Withdrawn status Lost status Damaged status Not for loan Date acquired Barcode Date last seen Price effective from Koha item type Public note
        2018-12-17 31603 2018-12-17 2018-12-17 წიგნი  
        2018-12-17 31604 2018-12-17 2018-12-17 წიგნი  
        2018-12-17 31605 2018-12-17 2018-12-17 წიგნი  
        2018-12-17 31656 2018-12-17 2018-12-17 წიგნი 7ლ.